| 000 | 01025nam a22002657a 4500 | ||
|---|---|---|---|
| 999 |
_c21546 _d21546 |
||
| 003 | AR-CdUCM | ||
| 008 | 190311b ||||| |||| 00| 0 spa d | ||
| 020 | _a9786123171841 | ||
| 040 |
_aMUNICIPALIDAD PROVINCIAL DEL CUSCO _cBIBLIOTECA MUNICIPAL DEL CUSCO |
||
| 082 |
_a302.232/R22 _bR22 |
||
| 100 |
_aRamírez Jefferson, Margarita _945314 |
||
| 245 |
_aComunicación y diseño en la prensa impresa / _cMargarita Ramírez Jefferson, Orietta Marquina Vega |
||
| 260 |
_aLima : _bPontificia Universidad Católica del Perú, _c2016. |
||
| 300 |
_a306 páginas. : _bilustraciones ; _c21 cm. |
||
| 500 |
_aGlosario: p. [285]-298. _zBibliografía: p. [299]-306. |
||
| 650 |
_aComunicación visual _945315 |
||
| 650 |
_aPeriodismo gráfico _945316 |
||
| 650 |
_aFotografía en periodismo _945317 |
||
| 650 |
_aImprenta _9664 |
||
| 650 |
_aDiseño gráfico (Tipografía) _945318 |
||
| 700 |
_aMarquina Vega, Orietta _945319 |
||
| 710 |
_aPontificia Universidad Católica del Perú _9400 |
||
| 942 |
_2ddc _cLIBROS |
||
| 945 | _aRoel | ||